Регионална библиотека "Любен Каравелов" - Русе

"Правосъдието и Варненските скандали" (Запис номер 404595)

MARC детайли
000 -Лидер
Контролно поле с фиксирана дължина nam a22 a 4500
003 - Код на организацията, давaща контролен номер
Контролно поле BLK
005 - Дата и час на последна редакция
Контролно поле 20210401095750.0
008 - Елементи от данни с фиксирана дължина
fixed length control field 210330b bu |||||r|||| 00||||bu |d
040 ## - Източник на каталожния запис
Идентификатор на билиотеката - собственик на записа BLK
041 ## - Код за език
Код за езика на текст/звукозапис или на отделно заглавие Български
Код за езика КДБФ Български
080 ## - УДК
Текстов определител УДК Гражданско право
УДК код - определител по УДК 347
УДК - код + определител 347(497.2)
080 ## - УДК
Текстов определител УДК Съдопроизводство (Съдебна процедура). Съдоустройство (Организация на съдилищата и прокуратурата). Вж и 343. 1;344;348
УДК код - определител по УДК 347.9
УДК - код + определител 347.9(497.2)
100 ## - Редна дума - Автор
R(LIN) 1299
Автор Икономов, Иван Василев
Авторска отговорност първи автор
139 ## - Редно поле
Редна дума Икономов, Иван Василев
245 ## - Сведения за заглавието
Заглавие "Правосъдието и Варненските скандали"
Редно поле (дума) Ив. В. Икономов.
257 ## - Страна на издаване
Страна на създаване/издаване България
260 ## - Област на издателските данни
9 (RLIN) 441842
Място на издаване, разпространение и проч. Русе
Име на издателя, разпространителя и проч. б. и.
Година на издаване 1898
Печатница Русе : скоропеч. Т. Петров
300 ## - Физическа характеристика
Страници 195 с.
Размери/Мащаб 23 см
380 ## - Жанр
Жанр Обществени науки
490 ## - СЕРИИ (Колекции)
9 (RLIN) 435080
Име на серия Колекция Редки и ценни издания
505 ## - Форматирана забележка
Заглавие Автограф с текст: На Градската Библиотека въ гр. Русе. Отъ Б. Станчевъ у-къ. 1/І 1902.
650 #0 - Допълнително описание по предмет – тема
9 (RLIN) 242780
Основно описание – тема или топоним България - право и правосъдие
651 #7 - Допълнително описание по предмет - топоним
9 (RLIN) 178690
Географско понятие Варна
653 #7 - Ключова дума – ненормативна
9 (RLIN) 184352
Ключова дума гражданско съдопроизводство
852 ## - Местоположение
Форматна сигнатура Рб 898
Фондова буква Редки и ценни
999 ## - СИСТЕМНИ КОНТРОЛНИ НОМЕРА
Koha biblionumber 404595
Koha biblioitemnumber 404595
942 ## - АРТИКУЛИ
Вид на библиотечния материал Книги
Скрит в OPAC Не
Периодичен библиозапис Да
944 ## - СЪЗДАВАНЕ И РЕДАКЦИЯ на ЗАПИСА
Създаване/Редакция Създаване
Дата на регистрацията/редакция 2021-04-01
Служител, извършил регистрацията/редакцията Кети
Наличности
Код за отписване Код за изгубен артикул Източник на класификационната схема Код за повреда Коз за рестрикции Код за отдаване Артикулен № Име на библиотеката - собственик Име на библиотеката, в която се намира в момента Статус (Текущо местоположение) Дата на вписване в системата Местоположение - отдел Цена в лева Инвентарен номер Систематично азбучна сигнатура Баркод Цена в евро Служебен тип на артикула
  Не е изгубен Universal Decimal Classification Не е повреден само за читалня Специални фондове ( старопечатни, редки и ценни, фонд М. Арнаудов) 853144 Регионална библиотека "Любен Каравелов" Русе Регионална библиотека "Любен Каравелов" Русе Редки и ценни 2021-09-20 Редки и ценни 0.15 16923 Рб 898 900000044777 0.08 Книги
Vip Innovations Ltd, Rousse, Bulgaria 2025